Top 100 Current MLB Players - Statistics

General Stats
  • This quiz has been taken 199 times
  • The average score is 26 of 100
Answer Stats
Rank Position Answer Team % Correct
2 OF Mike Trout LAA
97%
1 2B Jose Altuve HOU
91%
3 OF Mookie Betts BOS
88%
4 P Clayton Kershaw LAD
85%
17 OF Aaron Judge NYY
79%
5 P Max Scherzer WSH
79%
6 OF Bryce Harper WSH
73%
8 3B Nolan Arenado COL
70%
10 1B Joey Votto CIN
66%
13 3B Kris Bryant CHC
66%
9 P Chris Sale BOS
65%
14 OF Giancarlo Stanton NYY
64%
11 SS Carlos Correa HOU
63%
12 1B Paul Goldschmidt STL
61%
21 1B Anthony Rizzo CHC
58%
22 C Buster Posey SF
57%
20 SS Corey Seager LAD
54%
25 1B Freddie Freeman ATL
54%
52 P/DH Shohei Ohtani LAA
50%
19 P Stephen Strasburg WSH
50%
46 SS Trea Turner WSH
50%
7 P Corey Kluber CLE
49%
30 3B Jose Ramirez CLE
48%
18 OF Charlie Blackmon COL
47%
23 OF Cody Bellinger LAD
47%
82 P Gerrit Cole HOU
47%
32 P Jacob deGrom NYM
46%
29 P Justin Verlander HOU
46%
97 3B Kyle Seager SEA
40%
27 DH J.D. Martinez BOS
38%
54 P Carlos Martinez STL
34%
55 CP Aroldis Chapman NYY
33%
57 3B Alex Bregman HOU
32%
41 OF Christian Yelich MIL
32%
37 3B Anthony Rendon WSH
31%
40 1B Jose Abreu CHW
26%
53 P Madison Bumgarner SF
26%
15 SS Francisco Lindor CLE
25%
16 SS Manny Machado LAD
24%
83 1B Miguel Cabrera DET
23%
66 C Salvador Perez KC
23%
100 P Aaron Nola PHI
22%
34 P Noah Syndergaard NYM
21%
62 P Jon Lester CHC
19%
45 DH Nelson Cruz SEA
19%
35 CP Craig Kimbrel BOS
18%
65 P Jake Arrieta PHI
17%
50 3B Justin Turner LAD
17%
31 P Luis Severino NYY
17%
56 OF Byron Buxton MIN
16%
68 P Kyle Hendricks CHC
16%
47 2B Robinson Cano SEA
16%
72 3B Adrian Beltre TEX
14%
42 OF Marcell Ozuna STL
14%
93 1B Ryan Zimmerman WSH
14%
89 1B Carlos Santana PHI
13%
36 C Gary Sanchez NYY
13%
74 C Willson Contreras CHC
13%
81 P David Price BOS
12%
26 3B Josh Donaldson CLE
12%
24 OF George Springer HOU
11%
28 CP Kenley Jansen LAD
11%
60 2B Brian Dozier MIN
10%
85 SS Xander Bogaerts BOS
10%
64 1B Eric Hosmer SD
9%
71 P Marcus Stroman TOR
9%
33 P Dallas Keuchel HOU
8%
91 2B DJ LeMahieu COL
7%
58 OF Justin Upton LAA
7%
86 C Yadier Molina STL
7%
69 OF Yoenis Cespedes NYM
7%
48 DH Edwin Encarnacion CLE
6%
49 P Robbie Ray ARI
6%
43 P Yu Darvish CHC
6%
51 P Chris Archer PIT
5%
38 P Zach Greinke ARI
5%
44 RP Andrew Miller CLE
4%
59 SS Andrelton Simmons LAA
3%
39 P Carlos Carrasco CLE
3%
95 SS Jean Segura SEA
3%
79 C J.T. Realmuto MIA
3%
70 OF Lorenzo Cain MIL
3%
77 3B Miguel Sano MIN
3%
99 OF Chris Taylor LAD
2%
75 P Jose Quintana CHC
2%
92 OF AJ Pollock ARI
1%
61 OF Andrew Benintendi BOS
1%
84 RP Archie Bradley ARI
1%
63 2B Daniel Murphy WSH
1%
76 SS Didi Gregorius NYY
1%
98 OF Ender Inciarte ATL
1%
73 P James Paxton NYY
1%
96 OF Kevin Kiermaier TB
1%
94 P Michael Fulmer DET
1%
90 OF Rhys Hoskins PHI
1%
78 OF Tommy Pham TB
1%
87 RP Wade Davis COL
1%
88 OF Yasiel Puig LAD
1%
80 RP Cody Allen CLE
0%
67 2B Jonathan Schoop MIL
0%
No matching quizzes found
Score Distribution
Percent of People with Each Score
Percentile by Number Answered
Your Score History
You have not taken this quiz